[Event "SEMI ECT 5-B email"]
[Site "SEMI email"]
[Date "2000.10.10"]
[Round "?"]
[White "Buczarski, Ryszard"]
[Black "Beltran Oliver, Jorge"]
[Result "1/2-1/2"]
[WhiteElo "1000"]
[BlackElo "1672"]
[PlyCount "100"]
[EventDate "2000.10.10"]
[EventType "tourn (corr)"]
[EventRounds "8"]
[EventCountry "ITA"]
[SourceTitle "Corr 2008"]
[Source "ChessBase"]
[SourceDate "2008.06.24"]
[SourceVersion "1"]
[SourceVersionDate "2008.06.24"]
[SourceQuality "1"]

1. d4 d5 2. c4 e6 3. Nc3 Nf6 4. Nf3 Be7 5. Bf4 0-0 6. e3 c5 7. dxc5 Bxc5 8. a3 Nc6 9. Be2 dxc4 10. Bxc4 Qe7 11. b4 Rd8 12. Qc2 Bb6 13. b5 Na5 14. Bd3 a6 15. Na4 Ba7 16. b6 Bb8 17. Bg5 h6 18. Bxf6 Qxf6 19. 0-0 Bd6 20. Nc3 Qe7 21. Rfd1 Bd7 22. Qb2 Rac8 23. Be2 Bc6 24. Nd4 Bc5 25. h3 Rd6 26. Rab1 Qf6 27. Nxc6 Rcxc6 28. Bd3 Qd8 29. Be2 Rxb6 30. Qa2 Rxb1 31. Rxb1 Rd2 32. Rb2 Rxb2 33. Qxb2 Be7 34. Na2 b5 35. Qc3 Nc4 36. a4 Qd5 37. axb5 axb5 38. Nc1 Bd6 39. Nd3 e5 40. Nc1 e4 41. g3 Qe6 42. Qb3 Qxh3 43. Qxb5 Nd2 44. Qe8+ Kh7 45. Qxf7 Bxg3 46. fxg3 Qxg3+ 47. Kh1 Qh3+ 48. Kg1 Qxe3+ 49. Kg2 Qg5+ 50. Kh3 Qf6 1/2-1/2

[Event "SEMI ECT 5-B email"]
[Site "SEMI email"]
[Date "2000.10.10"]
[Round "?"]
[White "Raineri, Eric"]
[Black "Buczarski, Ryszard"]
[Result "0-1"]
[WhiteElo "1533"]
[BlackElo "1000"]
[PlyCount "24"]
[EventDate "2000.10.10"]
[EventType "tourn (corr)"]
[EventRounds "8"]
[EventCountry "ITA"]
[SourceTitle "Corr 2008"]
[Source "ChessBase"]
[SourceDate "2008.06.24"]
[SourceVersion "1"]
[SourceVersionDate "2008.06.24"]
[SourceQuality "1"]

1. e4 c5 2. Nf3 e6 3. Nc3 a6 4. d4 cxd4 5. Nxd4 b5 6. Bd3 Bb7 7. 0-0 d6 8. Be3 Nf6 9. a3 Nbd7 10. f3 Be7 11. Qd2 Rc8 12. Ndxb5 axb5 0-1